• 首页
  • 本馆介绍
  • 公告通知
  • 最新文献
  • 馆藏检索
  • 电子资源
  • 读者导购
  • 参考咨询
  • 我的图书馆
  • 登录
  • 详细信息显示
  • 放入我的书架
  • 预约/预借图书
  • 作者相关作品
  • 分类相关作品
  • 丛书相关作品
  • 出版社相关作品

书目信息

  • 表格格式
  • 工作单格式
  • 卡片格式
题名:
舞台管理
    
 
作者: 斯特恩 著 ;李雯雯 译
分册:  
出版信息: 北京   北京大学出版社  2009
页数: 376页
开本: 23cm
丛书名:
单 册:
中图分类: J814
科图分类:
主题词: 舞台--管理 , 舞台
电子资源:
ISBN: 978-7-301-15229-4
000 00993nam0 2200289 45
001 1130237953
005 20110309143340.76
010    @a978-7-301-15229-4@dCNY48.00
100    @a20110121d2009 em y0chiy50 ea
101 1  @achi@ceng
102    @aCN@b110000
105    @aa z 000yy
106    @ar
200 1  @a舞台管理@AWu Tai Guan Li@dStage management@f(美)劳伦斯·斯特恩(Lawrence Stern) 著@F( Mei ) Lao Lun Si· Si Te En (Lawrence Stern) Zhu@g李雯雯译@zeng
210    @a北京@c北京大学出版社@d2009
215    @a376页@c图@d23cm
300    @a同文馆·艺术
305    @a据原书第8版译出 培生教育出版集团授权出版
330    @a本书以实用为出发点,每一章包括大量事例、图标、文案资料,描述了舞台管理者的工作内容和方法。
510 1  @aStage management@zeng
606 0  @a舞台@x管理
606 0  @a舞台
690    @aJ814@v4
701  1 @a斯特恩@ASi Te En@g(Stern, Lawrence)@4著
702  0 @a李雯雯@ALi Wen Wen@4译
801  0 @aCN@bTANGWEI@c20110309
905    @b0530811-13@dJ814@e76@f3
    
    舞台管理=Stage management/(美)劳伦斯·斯特恩(Lawrence Stern) 著/李雯雯译.-北京:北京大学出版社,2009
    376页:图;23cm
    同文馆·艺术
    
    ISBN 978-7-301-15229-4:CNY48.00
    本书以实用为出发点,每一章包括大量事例、图标、文案资料,描述了舞台管理者的工作内容和方法。
●
相关链接 在E读中查询图书 在五车中查询图书 在当当中查询图书 在豆瓣中查询图书


正题名:舞台管理     索取号:J814/76         预约/预借

序号 登录号 条形码 馆藏地/架位号 状态 备注
1 0530811   205308111   第一样本阅览室/ [索取号:J814/76] 在馆    
2 0530812   205308120   第一借阅区/ [索取号:J814/76] 在馆    
3 0530813   205308139   第一借阅区/ [索取号:J814/76] 在馆    
唐山师范学院图书馆 欢迎您!
大连网信软件有限公司© 版权所有